000
00304nam a2200109Ia 4500
008
220204s9999 xx 000 0 und d
082
_a
061.6(058)(540)
_b
DIR
245
0
_a
Directory of scientific research institutions in India 4V
260
_a
New Delhi
_b
INSDOC
_c
1994
505
_a
Set price
942
_c
BK
999
_c
40838
_d
40838